| 000 | 00495nam a2200157Ia 4500 | ||
|---|---|---|---|
| 005 | 20250423095949.0 | ||
| 008 | 250422s9999 xx 000 0 und d | ||
| 020 | _a9783463551 | ||
| 050 | _aKD 1020.4 .A43/ | ||
| 100 | _aAlabi, Bolaji | ||
| 245 | 0 | _aLaw for estate management studies | |
| 260 | _aLagos, Nigeria | ||
| 300 | _a283 p | ||
| 650 | _aEstates (Law)--Great Britain--Congresses. Farm management--Great Britain--Congresses. Estate planning--Great Britain--Congresses. | ||
| 942 | _cBK | ||
| 999 |
_c31871 _d31871 |
||